Sistema web de inventario y facturación de productos farmacéuticos para la farmacia Family Pharmacy.
El presente trabajo monográfico está orientado a crear un sistema web para el control de inventario y facturación de la farmacia Family Pharmacy de la ciudad de Estelí. Para el desarrollo del trabajo monográfico se implementó la metodología en cascada. Como gestor de la base de datos se utili...
| Main Author: | |
|---|---|
| Other Authors: | |
| Format: | Tesis Section = Libro |
| Language: | Undetermined Spanish |
| Published: |
Managua
UNI
2023
|
| Subjects: |
| LEADER | 01250nam a2200241Ia 4500 | ||
|---|---|---|---|
| 008 | 240830s9999 xx 000 0 und d | ||
| 040 | |a BIBLIOTECA-RUSB/ Mon 005.74 G978 | ||
| 041 | |a spa | ||
| 082 | |a Mon 005.74 G978 | ||
| 100 | 1 | |a Gurdián Payán, Byron Steven | |
| 245 | 1 | 0 | |a Sistema web de inventario y facturación de productos farmacéuticos para la farmacia Family Pharmacy. |
| 260 | |a Managua |b UNI |c 2023 | ||
| 300 | |a 101p. :il. | ||
| 500 | |a Contiene: anexos y CD | ||
| 502 | |a Tesis (Ingeniero en computación) - UNI, 2023. | ||
| 520 | 3 | |a El presente trabajo monográfico está orientado a crear un sistema web para el control de inventario y facturación de la farmacia Family Pharmacy de la ciudad de Estelí. Para el desarrollo del trabajo monográfico se implementó la metodología en cascada. Como gestor de la base de datos se utilizó MySQL, el cual permitió la creación de las diferentes tablas y procedimientos que ayudaron al momento de respaldar la información guardada en el sistema. | |
| 650 | 7 | |a BASE DE DATOS | |
| 650 | 7 | |b SISTEMA AUTOMATIZADO | |
| 650 | 7 | |c SISTEMA DE INVENTARIO - FAMILY PHARMACY | |
| 700 | 1 | |a Tutor: |b Chávez Mairena, Luis Eduardo | |
| 942 | |c BK |2 ddc | ||
| 991 | |a TESIS | ||
| 999 | |c 27788 | ||